Statistiques concernant Culture Générale - Série 1012

Cliquez ici pour prendre le quiz!

Statistiques générales

  • Ce quiz a été pris 54 fois
  • Le résultat moyen est 6 sur 10

Statistiques - réponses

QuestionRéponse% Correct
Quel poisson cartilagineux et carnivore peut être "marteau" ou "scie" ?requin
98%
Quel objet en fer recouvrait le visage du mystérieux prisonnier d'État mort en 1703 à la Bastille ?masque
90%
De quel mot anglais, signifiant "poivre", le terme "peps", synonyme de "tonus", est-il dérivé ?pepper
86%
De quel pays sont traditionnellement originaires les chanteurs ambulants appelés "mariachis" ?Mexique
86%
Quelle céréale, aux grains durs serrés sur un gros épi, est appelée "blé d'Inde" au Québec ?maïs
73%
À quelle classe de vertébrés appartient la huppe ?oiseaux
61%
Dans quelle présipauté imaginaire travaille le journaliste Michael Kael ?Groland
55%
Quelle espèce d'animal est l'uranoscope ?poisson
45%
En 1987, quelle championne française de natation synchronisée remporte plusieurs médailles d'or aux championnats d'Europe ?Muriel Hermine
24%
Quel cinéaste français est le réalisateur de “Drôle de drame” en 1937 ?Marcel Carné
22%

Distribution des résultats

Percentile par nombre de réponses

% des personnes avec chaque résultat

Votre développement - résultats

Vous n’avez pas pris ce quiz